| 000 | 00956nam a2200277Ia 4500 | ||
|---|---|---|---|
| 001 | Para_1121 | ||
| 003 | CHAP | ||
| 008 | 220125s1996 xx 000 0 und d | ||
| 010 | _a199775 | ||
| 040 | _cCHAP | ||
| 090 | _aPA TESIS 1087 | ||
| 100 |
_aParedes Zavala, J. Carmen _985533 |
||
| 245 |
_aControl quimico postemergente de cebada (Hordeum vulgare L.), en el cultivo de sorgo (Sorghum bicolor (L.), Moench), en Chapingo, México / _c por J. Carmen Paredes Zavala |
||
| 260 |
_aChapingo, Méx. : _b El autor |
||
| 300 | _a43 h. | ||
| 502 | _aTesis (Ing. Agr. Esp. en Parasitología Agrícola), UACh. Depto. Parasitología | ||
| 650 |
_aCebada _x malas hierbas _x control _920693 |
||
| 710 |
_aUACh. Departamento Parasitología Agrícola _9164025 |
||
| 901 | _aPA TESIS 1087 | ||
| 902 | _aA | ||
| 905 | _a0000001996 i 0000000000 00 | ||
| 910 | _a1996 | ||
| 942 | _cPARA | ||
| 942 |
_cPARA _d1 |
||
| 999 |
_c199775 _d199775 |
||